Indus Basin Rivers on the Map - Statistics

General Stats
  • This quiz has been taken 94 times
  • The average score is 5 of 23
Answers on the Map
Answers color-coded by a green-red scale on the quiz's map according to % correct below.
 
Answer Stats
km Rivers % Correct
3120 Indus
98%
1200 Chenab
49%
1450 Sutlej
49%
720 Ravi
45%
725 Jhelum
43%
470 Beas
38%
700 Kabul
26%
550 Shyok
20%
240 Gilgit
18%
240 Swat
18%
70 Panjnad
12%
200 Zanskar
12%
400 Gomal
11%
480 Kunar
11%
320 Kurram
11%
245 Neelum
11%
210 Tochi
11%
410 Zhob
11%
80 Nubra
9%
250 Sohan
9%
166 Kunhar
8%
110 Kaitu
3%
90 Sanghar
3%
No matching quizzes found
Score Distribution
Percent of People with Each Score
Percentile by Number Answered
Your Score History
You have not taken this quiz